|
|
|
|
| LEADER |
00000nam a2200000Ii 4500 |
| 001 |
DIGCARPAR0019 |
| 003 |
NyNyDIG |
| 006 |
m o d |
| 007 |
cr ||||||||||| |
| 008 |
220803s2021 gt ob 000 0 spa d |
| 035 |
|
|
|a (OCoLC)1338645656
|
| 040 |
|
|
|a DGITA
|b eng
|e rda
|e pn
|c DGITA
|
| 020 |
|
|
|a 9789929605916
|q edición digital
|q ePub
|
| 020 |
|
|
|a 9789929605909
|q edición digital
|q pdf
|
| 020 |
|
|
|z 9789929605893
|q edición física
|
| 050 |
1 |
4 |
|a JC261.D44 ebook
|
| 082 |
0 |
4 |
|a 320.092
|
| 100 |
1 |
|
|a Orellana-Pineda, Wilfredo,
|e author.
|
| 245 |
1 |
0 |
|a Tras la apariencia de la soberanía :
|b ensayos a partir del pensamiento político de Jacques Derrida /
|c Wilfredo Orellana-Pineda [and 5 others]
|
| 264 |
|
1 |
|a Ciudad de Guatemala, Guatemala :
|b Editorial Cara Parens de la Universidad Rafael Landívar,
|c 2021.
|
| 300 |
|
|
|a 1 online resource.
|
| 336 |
|
|
|a text
|b txt
|2 rdacontent
|
| 337 |
|
|
|a computer
|b c
|2 rdamedia
|
| 338 |
|
|
|a online resource
|b cr
|2 rdacarrier
|
| 347 |
|
|
|a text file
|2 rdaft
|
| 347 |
|
|
|b EPUB
|
| 347 |
|
|
|b PDF
|
| 490 |
1 |
|
|a Colección Ensayos ;
|v 4
|
| 500 |
|
|
|a "Centro de Pensamiento Crítico Antonio Gallo, S. J."--Cover.
|
| 504 |
|
|
|a Includes bibliographical references.
|
| 588 |
0 |
|
|a Online resource; title from ePub title page (Digitalia, viewed August 3, 2022)
|
| 600 |
1 |
0 |
|a Derrida, Jacques
|x Political and social views.
|
| 650 |
|
0 |
|a Sovereignty.
|
| 650 |
|
0 |
|a Biopolitics.
|
| 655 |
|
0 |
|a Electronic books.
|
| 791 |
2 |
|
|a Digitalia (Firm),
|e distributor.
|
| 793 |
0 |
|
|g Digitalia eBook Collection:
|a Editorial Cara Parens
|
| 776 |
0 |
8 |
|i Print version:
|a Orellana-Pineda, Wilfredo.
|t Tras la apariencia de la soberanía.
|d Ciudad de Guatemala, Guatemala : Editorial Cara Parens de la Universidad Rafael Landívar, 2021
|z 9789929605893
|
| 830 |
|
0 |
|a Colección Ensayos (Universidad Rafael Landívar) ;
|v nro. 4.
|
| 856 |
4 |
0 |
|3 Digitalia Hispánica
|u https://www.digitaliapublishing.com/a/111761/
|
| 910 |
|
|
|a Premium collection: 2022
|